Rapport annuel sur l'oeuvre d'évangélisation en Italie et à l'étranger présenté aux amis et souscripteurs. (Record no. 1651)

MARC details
000 -LEADER
fixed length control field 01558cas a2200397 4500
001 - CONTROL NUMBER
control field data
005 - DATE AND TIME OF LATEST TRANSACTION
control field 20260322212111.0
008 - FIXED-LENGTH DATA ELEMENTS--GENERAL INFORMATION
fixed length control field data
010 ## - LIBRARY OF CONGRESS CONTROL NUMBER
LC control number ca 06001936
029 1# - OTHER SYSTEM CONTROL NUMBER (OCLC)
OCLC library identifier AU@
System control number 000025649069
035 ## - SYSTEM CONTROL NUMBER
System control number (OCoLC)1800279
040 ## - CATALOGING SOURCE
Original cataloging agency DLC
Language of cataloging eng
Transcribing agency DLC
Modifying agency OCLCL
-- OCLCO
-- OCLCQ
-- OCLCF
-- OCLCA
-- OCLCQ
-- OCLCL
042 ## - AUTHENTICATION CODE
Authentication code pcc
043 ## - GEOGRAPHIC AREA CODE
Geographic area code e-it---
050 00 - LIBRARY OF CONGRESS CALL NUMBER
Classification number BV2595.W4
Item number A3
110 2# - MAIN ENTRY--CORPORATE NAME
Corporate name or jurisdiction name as entry element Chiesa evangelica valdese.
Real World Object URI https://id.oclc.org/worldcat/entity/E39QH7JmqqcTCRmypC7tV7TJc6
245 10 - TITLE STATEMENT
Title Rapport annuel sur l'oeuvre d'évangélisation en Italie et à l'étranger présenté aux amis et souscripteurs.
246 13 - VARYING FORM OF TITLE
Title proper/short title Église évangélique vaudoise
Date or sequential designation <1886-1887>
260 ## - PUBLICATION, DISTRIBUTION, ETC.
Place of publication, distribution, etc. Torre Pellice,
Name of publisher, distributor, etc. Tipografia Alpina.
300 ## - PHYSICAL DESCRIPTION
Dimensions 23 cm
336 ## - CONTENT TYPE
Content type term text
Content type code txt
Source rdacontent
337 ## - MEDIA TYPE
Media type term unmediated
Media type code n
Source rdamedia
515 ## - NUMBERING PECULIARITIES NOTE
Numbering peculiarities note "Report year ends "1st Monday of Septembre."
590 ## - LOCAL NOTE (RLIN)
Local note SERBIB/SERLOC merged record
650 #0 - SUBJECT ADDED ENTRY--TOPICAL TERM
Topical term or geographic name entry element Waldenses
General subdivision Missions.
650 #0 - SUBJECT ADDED ENTRY--TOPICAL TERM
Topical term or geographic name entry element Missions
Geographic subdivision Italy.
650 #7 - SUBJECT ADDED ENTRY--TOPICAL TERM
Topical term or geographic name entry element Missions.
Source of heading or term fast
Authority record control number or standard number (OCoLC)fst01023771
650 #7 - SUBJECT ADDED ENTRY--TOPICAL TERM
Topical term or geographic name entry element Waldenses
General subdivision Missions.
Source of heading or term fast
Authority record control number or standard number (OCoLC)fst01170027
651 #7 - SUBJECT ADDED ENTRY--GEOGRAPHIC NAME
Geographic name Italy.
Source of heading or term fast
Authority record control number or standard number (OCoLC)fst01204565
Real World Object URI https://id.oclc.org/worldcat/entity/E39PBJvd8mVMcRhwVmbtcqCPcP
890 ## -
-- Chiesa evangelica valdese. Rapport annuel sur l'oeuvre d'evangélisation en Italie et à l'étranger présenté aux amis et souscripteurs.
-- ca06-1936
906 ## - LOCAL DATA ELEMENT F, LDF (RLIN)
a 7
b cbc
c serials
d 4
e ncip
f 19
g n-oclcserc
920 ## -
-- Keep 1
991 ## -
-- c-GenColl
-- BV2595.W4
-- A3
-- SERIALS
992 ## -
-- B/L
-- SERLOC
Holdings
Withdrawn status Lost status Damaged status Not for loan Home library Current library Shelving location Date acquired Total checkouts Full call number Barcode Date last seen Price effective from Koha item type
        Institut Protestant de Théologie Institut Protestant de Théologie General stacks 22/03/2026   BV2595.W4 LOC-IPT-00042 22/03/2026 22/03/2026 Books